[Event "Callao op"]
[Site "Callao"]
[Date "2007.08.11"]
[Round "4"]
[White "Morales, Luis Alejandro"]
[Black "Neyra, Miguel"]
[Result "1-0"]
[WhiteElo "2073"]
[BlackElo "2142"]
[PlyCount "97"]
[EventDate "2007.08.08"]
[EventType "swiss"]
[EventRounds "9"]
[EventCountry "PER"]
[SourceTitle "CBM 119 Extra"]
[Source "ChessBase"]
[SourceDate "2007.09.04"]
[SourceVersion "1"]
[SourceVersionDate "2007.09.04"]
[SourceQuality "1"]

1. d4 Nf6 2. Nf3 d5 3. c4 e6 4. e3 c6 5. Bd3 Nbd7 6. 0-0 Bd6 7. Nbd2 0-0 8. e4 dxe4 9. Nxe4 Nxe4 10. Bxe4 Nf6 11. Bc2 Qc7 12. Bg5 Ng4 13. h3 Nh2 14. Nxh2 Bxh2+ 15. Kh1 Bf4 16. Qd3 f5 17. Bxf4 Qxf4 18. Qe3 Qxe3 19. fxe3 b6 20. c5 bxc5 21. dxc5 Ba6 22. Rf4 g6 23. Rd1 Rfd8 24. Rxd8+ Rxd8 25. Ra4 Bf1 26. Kg1 Bxg2 27. Kxg2 Rd2+ 28. Kf3 Rxc2 29. b4 Kg7 30. Rxa7+ Kf6 31. Ra6 g5 32. Rxc6 Rxa2 33. b5 h5 34. b6 Rb2 35. Rc7 h4 36. e4 Rb3+ 37. Kg2 g4 38. Rd7 Rxh3 39. c6 Rb3 40. c7 h3+ 41. Kg1 Rb1+ 42. Kf2 Rb2+ 43. Ke3 Rb3+ 44. Kd4 Rb4+ 45. Kc3 Rb1 46. Rh7 Kg6 47. Rh8 Kg7 48. Rh4 Kg6 49. Kc2 1-0

[Event "Callao op"]
[Site "Callao"]
[Date "2007.08.11"]
[Round "5"]
[White "Morales, Luis Alejandro"]
[Black "Salas Arros, Cristian Eduardo"]
[Result "1/2-1/2"]
[WhiteElo "2073"]
[BlackElo "2412"]
[PlyCount "135"]
[EventDate "2007.08.08"]
[EventType "swiss"]
[EventRounds "9"]
[EventCountry "PER"]
[SourceTitle "CBM 119 Extra"]
[Source "ChessBase"]
[SourceDate "2007.09.04"]
[SourceVersion "1"]
[SourceVersionDate "2007.09.04"]
[SourceQuality "1"]

1. d4 d5 2. Nf3 Nf6 3. c4 c6 4. e3 a6 5. Bd3 Bg4 6. Qb3 Ra7 7. Ne5 Be6 8. c5 g6 9. Nc3 Bg7 10. f4 0-0 11. 0-0 Nfd7 12. Nxd7 Nxd7 13. Na4 Bf5 14. Bxf5 gxf5 15. Bd2 Kh8 16. Qd3 e6 17. Nb6 Nf6 18. Be1 Ne4 19. Rf3 Bf6 20. Rh3 Rg8 21. Rc1 Rg4 22. Rc2 Qe8 23. Qb3 Be7 24. Rf3 f6 25. Na4 Bd8 26. Nc3 Ba5 27. Nxe4 fxe4 28. Rf1 Bxe1 29. Rxe1 Rg7 30. Rf1 f5 31. Qc3 Ra8 32. Qd2 Qf7 33. Qe2 Rag8 34. Rf2 Rg6 35. Kf1 Rg4 36. Ke1 Qg6 37. a4 Qh6 38. h3 Rg3 39. a5 Qh4 40. Kd1 Qd8 41. b4 Qh4 42. Kc1 h5 43. Kb2 Kh7 44. Rd2 Kh6 45. Rc2 Qf6 46. Kc1 h4 47. Kb1 R8g6 48. Kc1 Kg7 49. Kb1 Kf8 50. Kc1 Rg7 51. Qd2 Qh6 52. Re2 Rd7 53. Kb2 Rf7 54. Rf2 Ke7 55. Kb1 Rf8 56. Kb2 e5 57. dxe5 d4 58. Qxd4 Rd8 59. Qc4 Rxe3 60. Rcd2 Red3 61. Rxd3 Rxd3 62. Qg8 Qe6 63. Qxe6+ Kxe6 64. Kc2 Rd4 65. Kc3 Rd3+ 66. Kc2 Rd4 67. Kc3 Rd3+ 68. Kc2 1/2-1/2